000
00302nam a22001337a 4500
008
171027b xxu||||| |||| 00| 0 eng d
020
_a
9780073404004
041
_a
eng
080
_a
336
100
_a
55
101
_a
MEN
245
_a
AUDITING AND ASSURANCE SERVICES
_c
STUART, I.C
942
_2
udc
_c
BK
999
_c
36026
_d
36026